| 000 | 00898nam a2200241 i 4500 | ||
|---|---|---|---|
| 001 | bg | ||
| 245 | 0 | 0 |
_aNeutralność światopoglądowa państwa : _bseminarium - "Neutralność światopoglądowa państwa", Kraków 25 kwietnia 1998 / _cpraca pod red. Ewy Nowickiej-Włodarczyk. |
| 260 |
_aKraków : _bF"MCRD", _c1998. |
||
| 300 |
_a80, [16] s. ; _c21 cm. |
||
| 490 | 1 |
_aZeszyty / Fundacja "Międzynarodowe Centrum Rozwoju Demokracji" ; _vz. 27 |
|
| 650 | 9 | _aKościół a państwo | |
| 650 | 9 |
_aŚwiatopogląd _xsocjologia |
|
| 655 | _aMateriały konferencyjne | ||
| 700 | 1 |
_aNOWICKA-WŁODARCZYK, Ewa. _eRed. |
|
| 830 | 0 |
_aZeszyty (Fundacja "Międzynarodowe Centrum Rozwoju Demokracji") ; _vz. 27 |
|
| 020 | _a8390781379 | ||
| 040 | _cBPK | ||
| 041 | _apol | ||
| 080 | _a322:321:140.8:316.64](061) | ||
| 920 | _a83-907813-7-9 | ||
| 942 | _cKS | ||
| 008 | s pl f |000 0 pol | ||
| 999 |
_c39172 _d39172 |
||
| 856 |
_uhttp://koha.tu.koszalin.pl/cgi-bin/koha/opac-detail.pl?biblionumber=39172 _yKatalog online BPK |
||